| 000 | 00825nam a22001937a 4500 | ||
|---|---|---|---|
| 999 |
_c371293 _d371293 |
||
| 008 | 201127b ||||| |||| 00| 0 eng d | ||
| 040 |
_aDE-2950 _bger _cDE-2950 _erda |
||
| 041 | _ager | ||
| 245 |
_a"Das Jahr 2021 hat uns an Grenzen gebracht". _bBilanz: Oberbürgermeister René Wilke blickt im Silvesterinterview auf herausfordernde zwölf Monate zurück und erklärt, warum das Jahr trotz aller Krisen ein gutes für Frankfurt war / _cThomas Gutke |
||
| 264 | _c2021 | ||
| 653 | _aFrankfurt (Oder) | ||
| 653 | _aWilke, René; Politiker, 1984- | ||
| 653 | _aRückblick 2021 | ||
| 773 |
_dFrankfurt (Oder) Märkisches Verlags- und Druckhaus GmbH & Co KG _tMärkische Oderzeitung _g32. Jahrgang (2021) Nr. 306 vom 31.12.2021, S. 17 |
||
| 942 | _cA | ||